Del amor nacen los ríos /

Guardado en:
Autor Principal: Ramos, María Cristina.
Otros Autores: Weiss, Mónica; il.
Formato: Libro
Idioma:Undetermined
Publicado: Buenos Aires : Sudamericana, 1998.
Series:Cuentamérica
Materias:
Etiquetas: Agregar Etiqueta
Sin Etiquetas, Sea el primero en etiquetar este registro!
LEADER 00898nam a22001935a 4500
001 CEM.cems021279
008 240704s1998####ag############000#0#und#d
005 20240704185425.0
245 1 0 |a Del amor nacen los ríos /  |c María Cristina Ramos ; ilustrado por Mónica Weiss. 
260 |a Buenos Aires :  |b Sudamericana,  |c 1998. 
300 |a 64 p. 
490 1 |a Cuentamérica 
505 0 |a Para acercarnos -- Del amor nacen los ríos -- Caminos -- El tronco de oro -- La Hija del Lago -- El Nahuel y el hombre perdido -- La ciudad encantada -- La ciudad hundida -- Una leyenda de Copahue -- El burrito de la sal -- La leyenda del lago Ruca Choroi -- Los hermanos -- Barba verde -- Sobre estas historias 
020 |a 9500713519 
100 1 |a Ramos, María Cristina. 
700 1 |a Weiss, Mónica; il. 
653 |a Mitos 
653 |a Leyendas 
859 |a CEMS  |b BIB. CEMS - Inicial y Primaria  |h 398.2  |i R147  |k IP  |p 2223  |t Ej.1